| 000 | 00799nam a22003257a 4500 | ||
|---|---|---|---|
| 005 | 20240319115450.0 | ||
| 008 | 160824b xxu||||| |||| 00| 0 spa d | ||
| 020 | _a9789701062982 | ||
| 041 | _aESP | ||
| 082 | _a658.84 B171c | ||
| 100 |
_aBalanko-Dickson, Greg _916131 |
||
| 245 | _aCómo preparar un plan de negocios exitoso | ||
| 260 | _aMéxico | ||
| 260 | _bMcGraw-Hill | ||
| 260 | _c2008 | ||
| 300 | _a382 páginas | ||
| 650 | _aPLAN DE NEGOCIOS | ||
| 650 | _aINDUSTRIA | ||
| 650 | _aMERCADO | ||
| 650 | _aPRODUCTOS Y SERVICIOS | ||
| 650 | _aNEGOCIO | ||
| 650 | _aMARKETING | ||
| 650 | _aVENTAS | ||
| 650 | _aPLAN FINANCIERO | ||
| 650 | _aPLAN DE CONTINGENCIA | ||
| 650 | _aASESOR DE NEGOCIOS | ||
| 650 | _aNEGOCIOS MINORISTAS | ||
| 942 |
_cBK _2ddc |
||
| 999 |
_c8395 _d8395 |
||